[Event "Valby K41 op 0910"]
[Site "Valby"]
[Date "2009.11.20"]
[Round "2"]
[White "Christensen, Esben"]
[Black "Truelsen, Ole Illum"]
[Result "1-0"]
[WhiteElo "1963"]
[BlackElo "1715"]
[PlyCount "49"]
[EventDate "2009.11.03"]
[EventType "swiss"]
[EventRounds "9"]
[EventCountry "DEN"]
[SourceTitle "EXT 2018"]
[Source "ChessBase"]
[SourceDate "2017.10.13"]
[SourceVersion "1"]
[SourceVersionDate "2017.10.13"]
[SourceQuality "1"]

1. e4 e6 2. Nf3 c6 3. d4 d5 4. Bd3 Be7 5. 0-0 dxe4 6. Bxe4 Na6 7. c4 Nf6 8. Nc3 Nxe4 9. Nxe4 0-0 10. Be3 f5 11. Nc3 Bf6 12. Bf4 g5 13. Be5 b6 14. Qd2 g4 15. Bxf6 Qxf6 16. Ne5 c5 17. Qf4 cxd4 18. Nb5 Kg7 19. Rad1 Rd8 20. f3 gxf3 21. Rxf3 Bb7 22. Rg3+ Kh8 23. Ng4 Qg7 24. Ne5 Qf6 25. Nf7+ 1-0

[Event "Valby K41 op 0910"]
[Site "Valby"]
[Date "2009.11.03"]
[Round "1"]
[White "Truelsen, Ole Illum"]
[Black "Hojland, Ulrik"]
[Result "1-0"]
[WhiteElo "1715"]
[BlackElo "1122"]
[PlyCount "63"]
[EventDate "2009.11.03"]
[EventType "swiss"]
[EventRounds "9"]
[EventCountry "DEN"]
[SourceTitle "EXT 2018"]
[Source "ChessBase"]
[SourceDate "2017.10.13"]
[SourceVersion "1"]
[SourceVersionDate "2017.10.13"]
[SourceQuality "1"]

1. c4 Nf6 2. Nc3 g6 3. e4 d6 4. d4 Bg7 5. Be2 0-0 6. Bg5 e5 7. d5 a5 8. Qd2 Na6 9. Bd3 Nc5 10. Bc2 a4 11. Nge2 Qe8 12. 0-0 Nfd7 13. Nb5 Na6 14. Bxa4 f5 15. f3 Qf7 16. b4 Nb6 17. Bb3 Bd7 18. Be3 Nxd5 19. exd5 f4 20. Bf2 e4 21. Bd4 exf3 22. Rxf3 Bh6 23. a3 Rae8 24. Bc3 Bg4 25. Rf2 Bxe2 26. Rxe2 f3 27. Qd4 f2+ 28. Kf1 Bg7 29. Qxg7+ Qxg7 30. Bxg7 Rxe2 31. Kxe2 Kxg7 32. Rf1 1-0

[Event "Valby K41 Aabent-ch 0809"]
[Site "Valby"]
[Date "2009.02.24"]
[Round "7"]
[White "Truelsen, Ole Illum"]
[Black "Nielsen, Jorgen Holmstrom"]
[Result "1-0"]
[WhiteElo "1802"]
[BlackElo "1591"]
[PlyCount "75"]
[EventDate "2008.11.11"]
[EventType "swiss"]
[EventRounds "9"]
[EventCountry "DEN"]
[SourceTitle "EXT 2023"]
[Source "ChessBase"]
[SourceDate "2022.10.05"]
[SourceVersion "1"]
[SourceVersionDate "2022.10.05"]
[SourceQuality "1"]

1. c4 e5 2. Nc3 Nf6 3. g3 d5 4. cxd5 Nxd5 5. Bg2 Nxc3 6. bxc3 Be7 7. e3 c6 8. d4 exd4 9. exd4 0-0 10. Nf3 Be6 11. 0-0 Nd7 12. Re1 Nb6 13. a4 a5 14. Rb1 Ra7 15. Bf1 Nd5 16. Qc2 Qd7 17. Bd3 Nf6 18. Ng5 h6 19. Nxe6 fxe6 20. Qe2 Nd5 21. Bd2 Rf6 22. Qe4 Kf7 23. g4 c5 24. Bb5 Qc7 25. Qe5 Bd6 26. Qh5+ Kg8 27. g5 hxg5 28. Bxg5 g6 29. Qh6 Bf8 30. Qh4 Rf3 31. Rxe6 Qf7 32. Rbe1 Qh7 33. Qe4 Rxf2 34. Rxg6+ Bg7 35. Qxd5+ Kh8 36. Re8+ Rf8 37. Rxf8+ Bxf8 38. Bf6+ 1-0

[Event "Valby K41 Aabent-ch 0809"]
[Site "Valby"]
[Date "2009.02.03"]
[Round "6"]
[White "Nielsen, Lars Emil Woetmann"]
[Black "Truelsen, Ole Illum"]
[Result "1/2-1/2"]
[WhiteElo "1241"]
[BlackElo "1802"]
[PlyCount "107"]
[EventDate "2008.11.11"]
[EventType "swiss"]
[EventRounds "9"]
[EventCountry "DEN"]
[SourceTitle "EXT 2023"]
[Source "ChessBase"]
[SourceDate "2022.10.05"]
[SourceVersion "1"]
[SourceVersionDate "2022.10.05"]
[SourceQuality "1"]

1. Nf3 d5 2. g3 f5 3. d4 Nf6 4. Bg2 e6 5. Bg5 Bd6 6. Nc3 a6 7. Bxf6 Qxf6 8. e3 c6 9. Ne2 0-0 10. 0-0 Bd7 11. c3 Be8 12. Nf4 Nd7 13. Qc2 Kh8 14. Rfe1 Rg8 15. h4 h6 16. Nd3 g5 17. hxg5 hxg5 18. Kf1 Bg6 19. Ke2 f4 20. g4 Be4 21. Qb3 Rab8 22. Rh1+ Kg7 23. Rh5 Bxf3+ 24. Bxf3 e5 25. Rah1 Kf8 26. Rh6 Qe7 27. Rh7 Rg7 28. Rh8+ Kf7 29. e4 Rxh8 30. Rxh8 exd4 31. cxd4 c5 32. Qxd5+ Qe6 33. Qxb7 cxd4 34. Qxa6 Nf6 35. Rh6 Rg6 36. Qa7+ Be7 37. Rxg6 Kxg6 38. Qxd4 Nxg4 39. Qd5 Qc8 40. Qf5+ Qxf5 41. exf5+ Kxf5 42. Bxg4+ Kxg4 43. f3+ Kg3 44. b4 g4 45. fxg4 f3+ 46. Kf1 Kxg4 47. a4 Kf5 48. a5 Bd8 49. Kf2 Ke4 50. Nc5+ Kd5 51. a6 Bb6 52. Kxf3 Kc4 53. Ke4 Kxb4 54. Nd7 1/2-1/2

[Event "Valby K41 Aabent-ch 0809"]
[Site "Valby"]
[Date "2009.01.06"]
[Round "4"]
[White "Gjedde, Thomas"]
[Black "Truelsen, Ole Illum"]
[Result "1-0"]
[WhiteElo "1966"]
[BlackElo "1802"]
[PlyCount "91"]
[EventDate "2008.11.11"]
[EventType "swiss"]
[EventRounds "9"]
[EventCountry "DEN"]
[SourceTitle "EXT 2023"]
[Source "ChessBase"]
[SourceDate "2022.10.05"]
[SourceVersion "1"]
[SourceVersionDate "2022.10.05"]
[SourceQuality "1"]

1. d4 e6 2. Nf3 f5 3. g3 Nf6 4. Bg2 d5 5. 0-0 Bd6 6. c4 c6 7. Nc3 Nbd7 8. Qd3 0-0 9. Bf4 Bxf4 10. gxf4 dxc4 11. Qxc4 Nb6 12. Qd3 Nbd5 13. e3 b6 14. Ne5 Bb7 15. Rac1 Qd6 16. a3 a5 17. Rfd1 b5 18. Rc2 Rfc8 19. Rdc1 Ba6 20. Qd2 Bb7 21. Qe1 g6 22. Nb1 Kg7 23. Nd2 a4 24. Nd3 Rab8 25. Nc5 Ba8 26. Nf3 Nd7 27. Nxd7 Qxd7 28. Ne5 Qd6 29. Qd2 Bb7 30. Rc5 Ra8 31. Qc2 Ra6 32. Qd1 Raa8 33. R1c2 Rc7 34. Qf3 Rac8 35. Qg3 Rf8 36. h4 Kh8 37. Qg5 Kg8 38. h5 Ne7 39. Rc1 Kg7 40. Bf3 Rfc8 41. h6+ Kg8 42. Qf6 Nd5 43. Bxd5 cxd5 44. Nf7 Rxf7 45. Rxc8+ Bxc8 46. Rxc8+ 1-0

[Event "Valby K41 op 0708"]
[Site "Valby"]
[Date "2008.02.26"]
[Round "8"]
[White "Truelsen, Ole Illum"]
[Black "Jorgensen, Rasmus"]
[Result "1/2-1/2"]
[WhiteElo "1975"]
[BlackElo "1955"]
[PlyCount "97"]
[EventDate "2007.11.13"]
[EventType "swiss"]
[EventRounds "9"]
[EventCountry "DEN"]
[SourceTitle "EXT 2018"]
[Source "ChessBase"]
[SourceDate "2017.10.13"]
[SourceVersion "1"]
[SourceVersionDate "2017.10.13"]
[SourceQuality "1"]

1. c4 Nf6 2. Nc3 g6 3. e4 d6 4. d4 Bg7 5. Be2 0-0 6. Bg5 Nbd7 7. Qd2 c5 8. d5 Re8 9. h3 a6 10. a4 Qa5 11. Nf3 e6 12. dxe6 Rxe6 13. Bd3 b5 14. 0-0 b4 15. Nd5 Bb7 16. Rfe1 Nxd5 17. cxd5 Ree8 18. Bf4 Rac8 19. Bxd6 Qb6 20. Bf4 c4 21. a5 Qa7 22. Be3 Qa8 23. Bc2 b3 24. Bd1 c3 25. Qd3 c2 26. Be2 Bxb2 27. Qxb3 Bxa1 28. Rxa1 Rxe4 29. Rc1 Bxd5 30. Qb2 Nc5 31. Bh6 Ne6 32. Ng5 Rxe2 33. Nxe6 f6 34. Qxf6 Qa7 35. Nd4 Qe7 36. Qxa6 Re1+ 37. Kh2 Qc7+ 38. g3 Rxc1 39. Bxc1 Ra8 40. Qb5 Rxa5 41. Qe8+ Kg7 42. Bb2 Kh6 43. Qf8+ Kh5 44. Bc1 g5 45. Nf5 Ra6 46. Qe8+ Bf7 47. Qe2+ Kg6 48. Ne7+ Kg7 49. Nf5+ 1/2-1/2

[Event "Valby K41 op 0708"]
[Site "Valby"]
[Date "2008.02.19"]
[Round "7"]
[White "Taylor, Ralph Jeffrey"]
[Black "Truelsen, Ole Illum"]
[Result "1/2-1/2"]
[WhiteElo "1870"]
[BlackElo "1975"]
[PlyCount "46"]
[EventDate "2007.11.13"]
[EventType "swiss"]
[EventRounds "9"]
[EventCountry "DEN"]
[SourceTitle "EXT 2018"]
[Source "ChessBase"]
[SourceDate "2017.10.13"]
[SourceVersion "1"]
[SourceVersionDate "2017.10.13"]
[SourceQuality "1"]

1. e4 e6 2. d4 d5 3. c4 dxe4 4. Nc3 Nf6 5. f3 exf3 6. Nxf3 b6 7. Bg5 Be7 8. Qd2 Bb7 9. 0-0-0 0-0 10. Bd3 Na6 11. Qe2 h6 12. Be3 Ng4 13. Bd2 Nf6 14. h3 Kh8 15. Rhe1 Rc8 16. Be3 Nb4 17. Bb1 Ba6 18. a3 Nbd5 19. Qc2 Bxc4 20. Ne5 Nxc3 21. Qxc3 Bd5 22. Bd3 c5 23. Kb1 c4 1/2-1/2

[Event "Copenhagen K41 Aabent-ch 0506"]
[Site "Copenhagen"]
[Date "2006.01.10"]
[Round "5"]
[White "Truelsen, Ole Illum"]
[Black "Akdag, Dara Sevkan"]
[Result "1/2-1/2"]
[WhiteElo "1804"]
[BlackElo "1719"]
[PlyCount "26"]
[EventDate "2005.11.15"]
[EventType "swiss"]
[EventRounds "9"]
[EventCountry "DEN"]
[SourceTitle "EXT 2023"]
[Source "ChessBase"]
[SourceDate "2022.10.05"]
[SourceVersion "1"]
[SourceVersionDate "2022.10.05"]
[SourceQuality "1"]

1. c4 e5 2. Nc3 f5 3. g3 Nf6 4. Bg2 Nc6 5. e3 e4 6. d3 Bb4 7. d4 Bxc3+ 8. bxc3 d5 9. c5 0-0 10. Nh3 Na5 11. 0-0 Nc4 12. a4 Bd7 13. Re1 c6 1/2-1/2

[Event "Copenhagen K41 Aabent-ch 0506"]
[Site "Copenhagen"]
[Date "2005.12.06"]
[Round "3"]
[White "Truelsen, Ole Illum"]
[Black "Taylor, Ralph"]
[Result "1-0"]
[WhiteElo "1804"]
[BlackElo "1801"]
[PlyCount "79"]
[EventDate "2005.11.15"]
[EventType "swiss"]
[EventRounds "9"]
[EventCountry "DEN"]
[SourceTitle "EXT 2023"]
[Source "ChessBase"]
[SourceDate "2022.10.05"]
[SourceVersion "1"]
[SourceVersionDate "2022.10.05"]
[SourceQuality "1"]

1. c4 Nf6 2. Nc3 c6 3. e4 e5 4. Nf3 d6 5. d4 Bg4 6. Be2 Nbd7 7. 0-0 Be7 8. d5 c5 9. Be3 Nh5 10. h3 Bxf3 11. Bxf3 Nf4 12. Kh2 Nb6 13. b3 0-0 14. Qd2 Ng6 15. Bg4 Bf6 16. Rab1 a6 17. g3 Re8 18. Qd3 a5 19. Nb5 Nc8 20. f4 exf4 21. gxf4 Qe7 22. e5 dxe5 23. d6 Nxd6 24. Qxd6 exf4 25. Qxe7 Rxe7 26. Bxc5 Rd8 27. Bxe7 Rd2+ 28. Kh1 Bxe7 29. Bf5 Nh4 30. Rxf4 g5 31. Rg1 Kf8 32. Rff1 h5 33. Be6 Rd3 34. Rxf7+ Ke8 35. Rff1 g4 36. Bf7+ Kf8 37. Be6+ Rf3 38. Rxf3+ gxf3 39. Bd5 Bc5 40. Rf1 1-0